000
00304nam a2200109Ia 4500
008
190907s9999||||xx |||||||||||||| ||und||
100
_a
Azad Bin Haider
245
0
_a
Tareekh-E-All India Muslim League Sir syed Se Quaid-E-Azam Tak
260
_a
Lahore
_b
Fazili Book
_c
2013
300
_a
1152
942
_c
BK
999
_c
6252
_d
6252